000 00669nam a2200205 i 4500
001 bgj
100 1 _aGREENWOOD, Jean
245 1 0 _aActivity box :
_ba resource book for teachers of young students /
_cJean Greenwood.
260 _aCambridge :
_bCambridge University Press,
_c1997
_e(Cambridge :
_fUniversity Press).
300 _aVIII, 120 :
_bdraw. ;
_c30 cm.
490 1 _aCambridge Copy Collection
650 9 _aEnglish language
_xResource books for teachers
830 _aCambridge Copy Collection
020 _a0521498708 (pbk)
040 _cBPK
041 0 _aeng
920 _a0-521-498708 (pbk)
942 _cKS
008 s uk f |000 0 eng
999 _c48273
_d48273
856 _uhttp://koha.tu.koszalin.pl/cgi-bin/koha/opac-detail.pl?biblionumber=48273
_yKatalog online BPK